NCAA College Mascots: Lions - Statistics

General Stats
  • This quiz has been taken 35 times
  • The average score is 3 of 8
Answer Stats
Subdivision Team Related Nickname % Correct
FBS Penn State *Nittany Lions
100%
FCS Columbia
67%
FCS Arkansas-Pine Bluff *Golden Lions
60%
Non-Football Loyola Marymount
23%
FCS North Alabama
20%
FCS Southeastern Louisiana
17%
FCS Lindenwood
13%
FCS Texas A&M-Commerce
10%
No matching quizzes found
Score Distribution
Percent of People with Each Score
Percentile by Number Answered
Your Score History
You have not taken this quiz